MARC

LEADER 00000nam0a2200000 4500
001 304155
005 20231102001655.0
035 |a (RuTPU)RU\TPU\book\329390 
090 |a 304155 
100 |a 20150910d1983 km y0rusy50 ca 
101 0 |a rus 
102 |a RU 
105 |a a z 001zy 
200 1 |a Радиовещательные ЧМ приемники с фазовой автоподстройкой  |f В. Т. Поляков 
210 |a Москва  |c Радио и связь  |d 1983 
215 |a 96 с.  |c ил. 
225 1 |a Массовая радиобиблиотека  |v Вып. 1063 
320 |a Библиогр.: с. 94-95 
606 1 |a Радиоприемники  |2 stltpush  |3 (RuTPU)RU\TPU\subj\22951  |9 47623 
610 1 |a автоподстройка частоты 
610 1 |a пороговые явления 
610 1 |a обратная связь 
610 1 |a синхронно-фазовые детекторы 
610 1 |a практические схемы 
610 1 |a прямое преобразование 
610 1 |a стереокодеры 
675 |a 621.396.62  |v 4 
700 1 |a Поляков  |b В. Т.  |g Владимир Тимофеевич 
801 1 |a RU  |b 63413507  |c 20150910 
801 2 |a RU  |b 63413507  |c 20190425  |g RCR 
942 |c BK